00793cam a2200229 4500999001700000001000800017005001700025008004100042010001700083015001500100020001500115040001800130050002200148100001800170245009100188260004000279300003200319504003000351650002700381942003300408952012200441 c18699d18699457344720170113162029.0740529s1973 enka bd 000 0 eng  a 74165352  aGB74-02965 a0850451094 aDLCcDLCdDLC00aNK7304b.M37 19731 aMason, Anita.13aAn illustrated dictionary of jewelleryc[by] Anita Mason; illustrated by Diane Packer. aReading,bOsprey Publishing,c1973. a[5], 390 p.billus.c24 cm. aBibliography: p. 387-390. 0aJewelryxDictionaries. 2lcccBOOKShNK7304 .M37 1973 00102lcc4070aMUCbMUCcTECHd2017-01-13eDonation(BFA)l0oNK7304 .M37 1973p29438r2018-06-25w2017-01-13yBOOKS